Pays détenant la dette des États-Unis - Statistiques

Statistiques générales
  • Ce quiz a été pris 57 fois
  • Le résultat moyen est 15 sur 20
Statistiques - réponses
$ (en milliard) Évolution Pays % Correct
683 -11% Chine
100%
376 +13% France
98%
1 200 +11% Japon
98%
889 +16% Royaume-Uni
98%
110 +10% Allemagne
96%
472 +27% Canada
93%
187 -20% Inde
91%
168 -27% Brésil
85%
300 +1% Suisse
85%
145 +14% Corée du Sud
83%
149 +10% Arabie saoudite
78%
481 +33% Belgique
78%
219 +35% Norvège
78%
340 -1% Irlande
70%
108 +23% Israël
63%
313 +9% Taïwan
61%
426 +2% Luxembourg
54%
272 +8% Singapour
52%
*256 -4% Hong Kong
15%
*427 +5% Îles Caïmans
7%
Aucun quiz correspondant
Distribution des résultats
% des personnes avec chaque résultat
Percentile par nombre de réponses
Votre historique - résultats
Vous n’avez pas pris ce quiz